00997cam a2200253 a 450000500170000000800410001702000150005804100080007309200200008110000330010124500850013425000110021926000630023030000110029350001790030465300180048365300490050170000330055070000270058393000090061094200120061999900130063195200990064420240614095512.0100805s2004||||ag | |||| 00| 0 spa d a9871135459 aspa c617.54l11sCHE1 aCherjovsky, M. Roberto.9955 aCurrículum en la especialidad cirugía torácica / cM. Roberto Cherjovsky. a1a ed. aBuenos Aires: bUniversidad Abierta Interamericana;c2004. a133 p. aCherjovsky, M., Arribalzaga, E. B. y Gómez, P. A. (2004). Currículum en la especialidad cirugía torácica. (1a ed.). Buenos Aires : Universidad Abierta Interamericana. aMetodología aDiseño y gestión de una carrera médica1 aArribalzaga, Eduardo B.94521 aGómez, Pedro A.9956 a1151 2ddccBK c553d553 00104070aBFMbBFMcCRd2011-05-13l0o617.54 11 CHEp1151r2014-11-06tej.1w2011-05-13yBK